000 00461nam a2200193Ia 4500
005 20250603145252.0
008 250603s9999 xx 000 0 und d
020 _a9780765621207
050 _aJF 1525 .L43/
100 _aVan Wart, Montgomery
245 0 _aLeadership in public and nonprofit organizations
250 _a4th ed.
260 _aNew York
260 _bRoutledge
260 _c2023
300 _a463 p
650 _aNew York
942 _cBK
999 _c41360
_d41360